000 00440nam a22001577a 4500
005 20250313123736.0
008 250313b |||||||| |||| 00| 0 eng d
020 _a8175120126
050 _aHD66
_bFIS
100 _aFisher, Bob
245 _aReal dream teams;
_bseven practices used by world-class
260 _aNew Delhi
_bGlobal Books and subscription services
_cc1996
300 _axii, 192p
700 _aThomas, Bo
942 _2lcc
_cBK
_n0
999 _c4755
_d4755